[Event "Tekirdag Rodosto"]
[Site "Tekirdag"]
[Date "2016.11.10"]
[Round "8"]
[White "Yermolinsky, Alex"]
[Black "Danailov, Silvio"]
[Result "1/2-1/2"]
[WhiteElo "2478"]
[BlackElo "2442"]
[PlyCount "49"]
[EventDate "2016.11.02"]
[EventType "tourn"]
[EventRounds "9"]
[EventCountry "TUR"]
[EventCategory "11"]
[SourceTitle "CBM 175 Extra"]
[Source "ChessBase"]
[SourceDate "2016.12.12"]
[SourceVersion "1"]
[SourceVersionDate "2016.12.12"]
[SourceQuality "1"]

1. Nf3 Nf6 2. c4 c5 3. Nc3 e6 4. g3 b6 5. Bg2 Bb7 6. 0-0 Be7 7. d4 cxd4 8. Qxd4 d6 9. Rd1 a6 10. Bg5 Nbd7 11. Qd2 0-0 12. Bf4 Ne8 13. Rac1 h6 14. b3 Rc8 15. Ne1 Bxg2 16. Kxg2 Rc6 17. Nf3 Qa8 18. Kg1 Nef6 19. Nd4 Rcc8 20. h3 Rfd8 21. Be3 Qb7 22. Rc2 Bf8 23. Rcc1 Be7 24. Rc2 Bf8 25. Rcc1 1/2-1/2

[Event "Tekirdag Rodosto"]
[Site "Tekirdag"]
[Date "2016.11.02"]
[Round "1"]
[White "Danailov, Silvio"]
[Black "Damljanovic, Branko"]
[Result "0-1"]
[WhiteElo "2442"]
[BlackElo "2567"]
[PlyCount "150"]
[EventDate "2016.11.02"]
[EventType "tourn"]
[EventRounds "9"]
[EventCountry "TUR"]
[EventCategory "11"]
[SourceTitle "CBM 175 Extra"]
[Source "ChessBase"]
[SourceDate "2016.12.12"]
[SourceVersion "1"]
[SourceVersionDate "2016.12.12"]
[SourceQuality "1"]

1. Nf3 Nf6 2. c4 g6 3. g3 Bg7 4. Bg2 0-0 5. 0-0 d6 6. d4 Nc6 7. Nc3 Bf5 8. d5 Na5 9. Nd4 Bd7 10. b3 c5 11. dxc6 bxc6 12. h3 c5 13. Nc2 Bc6 14. e4 Ne8 15. Qd3 Bb7 16. Be3 Nc6 17. Rad1 Nc7 18. f4 Ne6 19. f5 Ned4 20. Nd5 Ne5 21. Qd2 Bxd5 22. cxd5 Nxc2 23. Qxc2 a5 24. a4 Rb8 25. Rb1 Qd7 26. g4 Rfc8 27. Rfc1 h5 28. gxh5 gxf5 29. exf5 Bf6 30. Kh1 Kh7 31. Bf1 Rg8 32. Bb5 Qb7 33. Qe4 Rg3 34. Bf1 Rbg8 35. Rc2 Qb4 36. Qxb4 axb4 37. Bf2 R3g5 38. a5 Ra8 39. a6 Rxf5 40. Ra2 Ra7 41. Re1 Rxh5 42. Re4 Rf5 43. Kg2 Ng6 44. Bg3 Kg7 45. Bc4 Be5 46. Rf2 Rg5 47. Rg4 Rxg4 48. hxg4 Bxg3 49. Kxg3 Ne5 50. Bb5 c4 51. bxc4 Nd3 52. Rf1 Nc5 53. Rb1 b3 54. Kf4 Kg6 55. Kf3 Ra8 56. Ra1 Kg5 57. Rb1 Rh8 58. Kg3 Kf6 59. Bc6 Nxa6 60. Rxb3 Nc5 61. Rf3+ Kg7 62. Re3 Kf8 63. Ra3 Rh1 64. Re3 Rd1 65. Bb5 Rd4 66. g5 Nd3 67. Kh3 Nf4+ 68. Kg3 Ng6 69. Rf3 Kg7 70. Rf1 Ne5 71. Rf4 Rd3+ 72. Kg2 Rc3 73. Be8 Kg6 74. Bb5 Kxg5 75. Rd4 f5 0-1

[Event "Benasque op 36th"]
[Site "Benasque"]
[Date "2016.07.16"]
[Round "10"]
[White "Movsziszian, Karen"]
[Black "Danailov, Silvio"]
[Result "1-0"]
[WhiteElo "2485"]
[BlackElo "2448"]
[PlyCount "59"]
[EventDate "2016.07.07"]
[EventType "swiss"]
[EventRounds "10"]
[EventCountry "ESP"]
[SourceTitle "CBM 173 Extra"]
[Source "ChessBase"]
[SourceDate "2016.08.29"]
[SourceVersion "1"]
[SourceVersionDate "2016.08.29"]
[SourceQuality "1"]

1. g3 e5 2. Bg2 Nf6 3. d3 d5 4. Nf3 Bd6 5. 0-0 0-0 6. Nc3 c6 7. e4 h6 8. Nh4 Be6 9. h3 Na6 10. a3 Re8 11. Qf3 Bf8 12. Nf5 b5 13. g4 Nc7 14. Qg3 Bxf5 15. gxf5 Kh8 16. Bf3 a5 17. Ne2 Nh7 18. Kh1 Ra6 19. Rg1 c5 20. Be3 d4 21. Bd2 a4 22. Rg2 Qd6 23. Rag1 Re7 24. Bh5 Ne8 25. f4 Qf6 26. fxe5 Rxe5 27. Bxf7 Nd6 28. Be6 Ng5 29. Bxg5 hxg5 30. Qxg5 1-0

[Event "Corus-B"]
[Site "Wijk aan Zee"]
[Date "2000.01.30"]
[Round "11"]
[White "Tiviakov, Sergei"]
[Black "Danailov, Silvio"]
[Result "1/2-1/2"]
[WhiteElo "2567"]
[BlackElo "2462"]
[PlyCount "61"]
[EventDate "2000.01.18"]
[EventType "tourn"]
[EventRounds "11"]
[EventCountry "NED"]
[EventCategory "11"]
[SourceTitle "CBM 075"]
[Source "ChessBase"]
[SourceDate "2000.04.05"]
[SourceVersion "1"]
[SourceVersionDate "2000.04.05"]
[SourceQuality "1"]

1. e4 c5 2. Nf3 d6 3. d4 cxd4 4. Nxd4 Nf6 5. Nc3 a6 6. Be3 e6 7. Qd2 b5 8. f3 Nbd7 9. g4 h6 10. 0-0-0 Bb7 11. h4 b4 12. Na4 Qa5 13. b3 Nc5 14. a3 Nxa4 15. axb4 Qc7 16. bxa4 d5 17. e5 Nd7 18. f4 Nb6 19. f5 Nc4 20. Bxc4 Qxc4 21. fxe6 Bxb4 22. exf7+ Kxf7 23. Qd3 Qa2 24. Rdf1+ Kg8 25. Kd1 a5 26. Qf5 Qa1+ 27. Ke2 Ba6+ 28. Nb5 Qxa4 29. Qe6+ Kh7 30. Qf5+ Kg8 31. Qe6+ 1/2-1/2

[Event "Corus-B"]
[Site "Wijk aan Zee"]
[Date "2000.01.25"]
[Round "7"]
[White "Danailov, Silvio"]
[Black "Berkvens, Joost"]
[Result "1-0"]
[WhiteElo "2462"]
[BlackElo "2297"]
[PlyCount "71"]
[EventDate "2000.01.18"]
[EventType "tourn"]
[EventRounds "11"]
[EventCountry "NED"]
[EventCategory "11"]
[SourceTitle "CBM 075"]
[Source "ChessBase"]
[SourceDate "2000.04.05"]
[SourceVersion "1"]
[SourceVersionDate "2000.04.05"]
[SourceQuality "1"]

1. d4 f5 2. g3 d6 3. d5 c6 4. c4 e5 5. dxe6 Bxe6 6. Qc2 Nf6 7. Nh3 g6 8. Bg2 Bg7 9. Ng5 Bg8 10. 0-0 h6 11. Nf3 Qe7 12. Nh4 Bh7 13. Nc3 Nbd7 14. b3 0-0 15. Bb2 Ng4 16. Rad1 Rad8 17. Ba3 Qf6 18. Na4 Nde5 19. Qd2 g5 20. Nf3 b5 21. cxb5 cxb5 22. Qd5+ Qf7 23. Qxb5 Qh5 24. h3 Nxf3+ 25. exf3 Ne5 26. Qd5+ Kh8 27. Bxd6 f4 28. g4 Qe8 29. Rfe1 Bg8 30. Qa5 Rxd6 31. Rxd6 Qe7 32. Rdd1 Re8 33. Nc5 Qf7 34. Qb5 Bh7 35. Nd7 Nxd7 36. Rxe8+ 1-0

[Event "Corus-B"]
[Site "Wijk aan Zee"]
[Date "2000.01.24"]
[Round "6"]
[White "Reinderman, Dimitri"]
[Black "Danailov, Silvio"]
[Result "1-0"]
[WhiteElo "2561"]
[BlackElo "2462"]
[PlyCount "83"]
[EventDate "2000.01.18"]
[EventType "tourn"]
[EventRounds "11"]
[EventCountry "NED"]
[EventCategory "11"]
[SourceTitle "CBM 075"]
[Source "ChessBase"]
[SourceDate "2000.04.05"]
[SourceVersion "1"]
[SourceVersionDate "2000.04.05"]
[SourceQuality "1"]

1. e4 c5 2. Nf3 d6 3. d4 cxd4 4. Nxd4 Nf6 5. Nc3 a6 6. Bc4 e6 7. 0-0 b5 8. Bb3 Be7 9. Qf3 Qb6 10. Bg5 0-0 11. Rad1 b4 12. Na4 Qb7 13. Rfe1 Nbd7 14. Qg3 Re8 15. f3 Kh8 16. Kh1 h6 17. Bc1 Nf8 18. c3 a5 19. Bc2 e5 20. Nf5 Bxf5 21. exf5 N8d7 22. Bb3 Rf8 23. f4 Rac8 24. fxe5 dxe5 25. Qh3 Rc7 26. Be3 Nc5 27. Nxc5 Bxc5 28. Bxh6 gxh6 29. Qxh6+ Nh7 30. f6 Rg8 31. Bd5 Bf8 32. Qh5 Qc8 33. Be4 Rg6 34. Bxg6 fxg6 35. Qxg6 Qe6 36. cxb4 axb4 37. Rd8 Rf7 38. h3 Rxf6 39. Qe4 Ng5 40. Qxe5 Qxe5 41. Rxe5 Nf7 42. Rxf8+ 1-0

[Event "Corus-B"]
[Site "Wijk aan Zee"]
[Date "2000.01.23"]
[Round "5"]
[White "Danailov, Silvio"]
[Black "Ashley, Maurice"]
[Result "1-0"]
[WhiteElo "2462"]
[BlackElo "2499"]
[PlyCount "125"]
[EventDate "2000.01.18"]
[EventType "tourn"]
[EventRounds "11"]
[EventCountry "NED"]
[EventCategory "11"]
[SourceTitle "CBM 075"]
[Source "ChessBase"]
[SourceDate "2000.04.05"]
[SourceVersion "1"]
[SourceVersionDate "2000.04.05"]
[SourceQuality "1"]

1. c4 c5 2. Nf3 Nc6 3. d4 cxd4 4. Nxd4 e6 5. g3 Qb6 6. Nb3 Bb4+ 7. Bd2 Nf6 8. Bg2 d5 9. cxd5 exd5 10. 0-0 0-0 11. Bg5 Ne4 12. Qxd5 Nxg5 13. Qxg5 h6 14. Qh5 Nd4 15. Nxd4 Qxd4 16. Nc3 Bxc3 17. bxc3 Qxc3 18. Rac1 Qa3 19. Bd5 Qe7 20. Rb1 Rb8 21. Rfc1 Be6 22. Qe5 Rfd8 23. Bxe6 Qxe6 24. Qxe6 fxe6 25. Rc7 Rd2 26. Rbxb7 Rxb7 27. Rxb7 Rxa2 28. e3 Kh7 29. Re7 Ra6 30. g4 Kg6 31. Kg2 Kf6 32. Rb7 Ra4 33. Kg3 a5 34. Ra7 Ra1 35. h4 g5 36. h5 a4 37. Kf3 a3 38. Ra5 a2 39. Kg2 e5 40. Ra6+ Kg7 41. Kf3 Kf7 42. Ke4 Rg1 43. Rxa2 Rxg4+ 44. Kxe5 Rb4 45. Ra7+ Kg8 46. Ra8+ Kf7 47. Ra7+ Kg8 48. e4 Rb2 49. f3 Rb3 50. Ra8+ Kf7 51. Ra7+ Kg8 52. Ra6 Kh7 53. Rf6 Ra3 54. Ke6 Ra6+ 55. Kf5 Ra5+ 56. e5 Ra7 57. e6 Ra5+ 58. Ke4 Ra4+ 59. Ke5 Ra5+ 60. Kd6 Ra6+ 61. Ke7 Ra7+ 62. Kf8 Ra8+ 63. Kf7 1-0

[Event "Corus-B"]
[Site "Wijk aan Zee"]
[Date "2000.01.22"]
[Round "4"]
[White "Hendriks, Willy"]
[Black "Danailov, Silvio"]
[Result "1/2-1/2"]
[WhiteElo "2373"]
[BlackElo "2462"]
[PlyCount "45"]
[EventDate "2000.01.18"]
[EventType "tourn"]
[EventRounds "11"]
[EventCountry "NED"]
[EventCategory "11"]
[SourceTitle "CBM 075"]
[Source "ChessBase"]
[SourceDate "2000.04.05"]
[SourceVersion "1"]
[SourceVersionDate "2000.04.05"]
[SourceQuality "1"]

1. e4 c5 2. Nf3 d6 3. d4 cxd4 4. Nxd4 Nf6 5. Nc3 a6 6. Bc4 e6 7. Bb3 Nbd7 8. f4 Nc5 9. f5 Be7 10. 0-0 0-0 11. fxe6 fxe6 12. Nf5 Nxb3 13. Nxe7+ Qxe7 14. axb3 h6 15. Bf4 e5 16. Be3 Be6 17. Qd3 Rad8 18. Rad1 Qe8 19. Bb6 Rd7 20. Nd5 Nxd5 21. exd5 Rxf1+ 22. Rxf1 Bf7 23. c4 1/2-1/2

[Event "Corus-B"]
[Site "Wijk aan Zee"]
[Date "2000.01.19"]
[Round "2"]
[White "Van der Wiel, John"]
[Black "Danailov, Silvio"]
[Result "1/2-1/2"]
[WhiteElo "2558"]
[BlackElo "2462"]
[PlyCount "45"]
[EventDate "2000.01.18"]
[EventType "tourn"]
[EventRounds "11"]
[EventCountry "NED"]
[EventCategory "11"]
[SourceTitle "CBM 075"]
[Source "ChessBase"]
[SourceDate "2000.04.05"]
[SourceVersion "1"]
[SourceVersionDate "2000.04.05"]
[SourceQuality "1"]

1. e4 c5 2. Nf3 d6 3. d4 cxd4 4. Nxd4 Nf6 5. Nc3 a6 6. Be2 e6 7. 0-0 Be7 8. f4 0-0 9. Bf3 Qc7 10. Be3 Nc6 11. Nxc6 bxc6 12. Na4 Bb7 13. c4 c5 14. Qc2 Nd7 15. Rad1 Rad8 16. a3 Rc8 17. Rd3 Bc6 18. Nc3 Rb8 19. Rfd1 Rb7 20. b3 Rfb8 21. Ne2 Nf6 22. Rc3 Rb6 23. Ng3 1/2-1/2

[Event "Wijk aan Zee op"]
[Site "Wijk aan Zee"]
[Date "1998.??.??"]
[Round "4"]
[White "Brodsky, Michail"]
[Black "Danailov, Silvio"]
[Result "1/2-1/2"]
[WhiteElo "2545"]
[BlackElo "2440"]
[PlyCount "41"]
[EventDate "1998.01.??"]
[EventType "swiss"]
[EventRounds "9"]
[EventCountry "NED"]
[SourceTitle "EXT 2002"]
[Source "ChessBase"]
[SourceDate "2001.11.25"]
[SourceVersion "1"]
[SourceVersionDate "2001.11.25"]
[SourceQuality "1"]

1. e4 c5 2. Nf3 d6 3. Bb5+ Bd7 4. Bxd7+ Qxd7 5. c4 Nc6 6. Nc3 Nf6 7. 0-0 e6 8. d4 cxd4 9. Nxd4 Be7 10. b3 0-0 11. Bb2 Rac8 12. Re1 Rfd8 13. Nc2 b6 14. Qe2 Qb7 15. Rab1 a6 16. a4 Na7 17. Nd4 Nc6 18. Nxc6 Rxc6 19. Ba1 Rcc8 20. Red1 Nd7 21. Qg4 1/2-1/2

[Event "Leon-B"]
[Site "Leon"]
[Date "1996.??.??"]
[Round "5"]
[White "Danailov, Silvio"]
[Black "Lima, Darcy Gustavo Macha"]
[Result "0-1"]
[WhiteElo "2455"]
[BlackElo "2440"]
[PlyCount "98"]
[EventDate "1996.06.??"]
[EventType "tourn"]
[EventRounds "9"]
[EventCountry "ESP"]
[EventCategory "9"]
[SourceTitle "CBM 054"]
[Source "ChessBase"]
[SourceDate "1996.10.01"]
[SourceVersion "1"]
[SourceVersionDate "1996.10.01"]
[SourceQuality "1"]

1. d4 Nf6 2. c4 e6 3. g3 c5 4. d5 exd5 5. cxd5 Bd6 6. Bg2 0-0 7. Nf3 a6 8. a4 Bc7 9. 0-0 d6 10. Nc3 Nbd7 11. e4 Re8 12. Re1 Rb8 13. Bf1 Nf8 14. Nd2 Ng6 15. Rb1 Bd7 16. b4 cxb4 17. Rxb4 Bb6 18. h3 Bc5 19. Rb3 Qc8 20. g4 Bxg4 21. hxg4 Nxg4 22. Re2 Nf4 23. Nc4 Nxe2+ 24. Qxe2 Nxf2 25. Qxf2 Qg4+ 26. Bg2 Bxf2+ 27. Kxf2 Qh4+ 28. Ke2 b5 29. axb5 axb5 30. Ne3 b4 31. Ncd1 f5 32. Nf2 fxe4 33. Bd2 Qh5+ 34. Ke1 Qh4 35. Ke2 Qh5+ 36. Ke1 Ra8 37. Rxb4 Ra1+ 38. Nfd1 Qh4+ 39. Ke2 Qh5+ 40. Ke1 Qh2 41. Ke2 h5 42. Nf2 Ra2 43. Rxe4 Rxe4 44. Nxe4 h4 45. Nf2 Qg3 46. Ne4 Qf4 47. Kd3 Qh2 48. Ng5 Ra3+ 49. Bc3 Rxc3+ 0-1

[Event "Vienna op"]
[Site "Vienna"]
[Date "1996.??.??"]
[Round "7"]
[White "Danailov, Silvio"]
[Black "Mahdy, Khaled"]
[Result "1-0"]
[WhiteElo "2455"]
[BlackElo "2390"]
[PlyCount "79"]
[EventDate "1996.??.??"]
[EventType "swiss"]
[EventRounds "9"]
[EventCountry "AUT"]
[SourceTitle "CBM 053 Extra"]
[Source "ChessBase"]
[SourceDate "1996.09.01"]
[SourceVersion "1"]
[SourceVersionDate "1996.09.01"]
[SourceQuality "1"]

1. Nf3 g6 2. c4 Bg7 3. d4 c5 4. e4 cxd4 5. Nxd4 Nf6 6. Nc3 0-0 7. Be2 d6 8. 0-0 Na6 9. Be3 Nc5 10. f3 Bd7 11. Qd2 Rc8 12. Rfd1 a6 13. Rac1 Kh8 14. Bf1 Qa5 15. a3 Qd8 16. b4 Na4 17. Nd5 Nxd5 18. exd5 Re8 19. Nb3 e6 20. dxe6 Bxe6 21. Bd4 b5 22. Na5 bxc4 23. Nxc4 d5 24. Na5 Qd6 25. Nb7 Qe7 26. Bxa6 Rxc1 27. Rxc1 Bxd4+ 28. Qxd4+ Kg8 29. Na5 Bd7 30. Bf1 Qg5 31. Rc7 Bh3 32. f4 Qd8 33. Qa7 Be6 34. Bb5 Qf6 35. Bxe8 Qa1+ 36. Kf2 Nc3 37. Bxf7+ Bxf7 38. Rc8+ Kg7 39. Qd4+ Kh6 40. Qxc3 1-0

[Event "Vienna op"]
[Site "Vienna"]
[Date "1996.??.??"]
[Round "1"]
[White "Epishin, Vladimir"]
[Black "Danailov, Silvio"]
[Result "1/2-1/2"]
[WhiteElo "2620"]
[BlackElo "2455"]
[PlyCount "77"]
[EventDate "1996.??.??"]
[EventType "swiss"]
[EventRounds "9"]
[EventCountry "AUT"]
[SourceTitle "CBM 053 Extra"]
[Source "ChessBase"]
[SourceDate "1996.09.01"]
[SourceVersion "1"]
[SourceVersionDate "1996.09.01"]
[SourceQuality "1"]

1. d4 Nf6 2. c4 g6 3. Nc3 Bg7 4. e4 d6 5. Nf3 0-0 6. Be2 e5 7. 0-0 Nc6 8. d5 Ne7 9. b4 Nh5 10. Re1 f5 11. Ng5 Nf6 12. Bf3 fxe4 13. Ncxe4 Nf5 14. Nxf6+ Bxf6 15. Ne4 Nd4 16. Be3 Nxf3+ 17. Qxf3 Bg7 18. Qe2 Bf5 19. Bg5 Qd7 20. Qd2 a5 21. b5 b6 22. f3 Rf7 23. Rab1 Qc8 24. Rb3 Qf8 25. Qf2 Bh6 26. Qh4 Bxg5 27. Nxg5 Re7 28. Ne4 Bxe4 29. Rxe4 Rf7 30. Rbe3 Rf5 31. Rg4 Qg7 32. Qg3 Raf8 33. h4 Qf6 34. Ree4 Kh8 35. Rg5 Rf4 36. Rg4 Rf5 37. Rg5 Rf4 38. Rg4 Rf5 39. Rg5 1/2-1/2

[Event "ITA op"]
[Site "Italy"]
[Date "1995.??.??"]
[Round "?"]
[White "Contin, Daniel"]
[Black "Danailov, Silvio"]
[Result "1-0"]
[WhiteElo "2390"]
[BlackElo "2445"]
[PlyCount "77"]
[EventDate "1995.??.??"]
[EventType "swiss"]
[EventRounds "9"]
[EventCountry "ITA"]
[SourceTitle "EXT 2000"]
[Source "ChessBase"]
[SourceDate "1999.11.16"]
[SourceVersion "1"]
[SourceVersionDate "1999.11.16"]
[SourceQuality "1"]

1. c4 c5 2. Nc3 g6 3. g3 Bg7 4. Bg2 Nc6 5. e3 Nh6 6. Nge2 Nf5 7. d3 d6 8. Qd2 h5 9. h3 Qd7 10. Rb1 b6 11. a3 Bb7 12. 0-0 Rc8 13. b4 0-0 14. b5 Na5 15. e4 Nd4 16. Nxd4 cxd4 17. Na2 e6 18. Nb4 f5 19. Qe2 Rce8 20. exf5 Bxg2 21. Kxg2 Rxf5 22. Re1 Re5 23. Qd1 Rxe1 24. Qxe1 d5 25. cxd5 exd5 26. Qd1 Qxb5 27. g4 Qd7 28. gxh5 gxh5 29. Qxh5 Re1 30. Nc2 Re6 31. Bf4 Nb7 32. Rg1 Rf6 33. Bg5 Rf5 34. Kf1 Qf7 35. Qh4 Kf8 36. Bh6 Bxh6 37. Qxh6+ Ke8 38. Qh8+ Ke7 39. Rg7 1-0

[Event "Pamplona op"]
[Site "Pamplona"]
[Date "1995.??.??"]
[Round "?"]
[White "Danailov, Silvio"]
[Black "Hernandez Estevez, Yudania"]
[Result "1-0"]
[WhiteElo "2445"]
[BlackElo "2200"]
[PlyCount "61"]
[EventDate "1995.??.??"]
[EventType "swiss"]
[EventRounds "9"]
[EventCountry "ESP"]
[SourceTitle "EXT 1997"]
[Source "ChessBase"]
[SourceDate "1996.11.15"]
[SourceVersion "1"]
[SourceVersionDate "1996.11.15"]
[SourceQuality "1"]

1. e4 e5 2. Nf3 Nf6 3. Nxe5 d6 4. Nf3 Nxe4 5. d4 d5 6. Bd3 Bd6 7. 0-0 0-0 8. c4 Be6 9. Re1 f5 10. cxd5 Bxd5 11. Nc3 Nxc3 12. bxc3 Nc6 13. Ng5 Qf6 14. c4 Be4 15. Qh5 h6 16. Nxe4 fxe4 17. Qd5+ Rf7 18. Qxe4 Re7 19. Qh7+ Kf7 20. Rxe7+ Bxe7 21. Rb1 Nxd4 22. Rxb7 Rd8 23. Bb2 Qg5 24. Qe4 Ne6 25. h4 Qc5 26. Rb5 Rxd3 27. Qxd3 Qc6 28. Qf5+ Ke8 29. Rd5 Qb6 30. Qg6+ Kf8 31. Rf5+ 1-0

[Event "Alcobendas"]
[Site "Alcobendas"]
[Date "1994.??.??"]
[Round "7"]
[White "Danailov, Silvio"]
[Black "Del Rio de Angelis, Salvador Gabriel"]
[Result "1/2-1/2"]
[WhiteElo "2425"]
[BlackElo "2350"]
[PlyCount "67"]
[EventDate "1994.??.??"]
[EventType "tourn"]
[EventRounds "9"]
[EventCountry "ESP"]
[SourceTitle "EXT 2000"]
[Source "ChessBase"]
[SourceDate "1999.11.16"]
[SourceVersion "1"]
[SourceVersionDate "1999.11.16"]
[SourceQuality "1"]

1. c4 e5 2. Nc3 Nf6 3. Nf3 Nc6 4. g3 d5 5. cxd5 Nxd5 6. Bg2 Nde7 7. 0-0 g6 8. b4 Bg7 9. b5 Nd4 10. a4 Bg4 11. Ba3 Bxf3 12. exf3 0-0 13. f4 exf4 14. Bxb7 Rb8 15. Bg2 Re8 16. Re1 Nef5 17. Rxe8+ Qxe8 18. Rc1 Rb6 19. Bc5 Re6 20. Bxa7 f3 21. Bxd4 Nxd4 22. Bf1 Bh6 23. Rb1 Re2 24. Nd5 Qd8 25. Nb4 Rxd2 26. Qe1 Ne2+ 27. Kh1 Nc3 28. Ra1 Qd4 29. Nc6 Qd6 30. Qe5 Nd1 31. Qxd6 cxd6 32. Ra3 Nxf2+ 33. Kg1 Ng4 34. b6 1/2-1/2

[Event "Las Palmas-D"]
[Site "Las Palmas"]
[Date "1994.??.??"]
[Round "?"]
[White "Danailov, Silvio"]
[Black "Gonzalez, G."]
[Result "1-0"]
[WhiteElo "2440"]
[BlackElo "2285"]
[PlyCount "95"]
[EventDate "1994.??.??"]
[EventType "tourn"]
[EventRounds "9"]
[EventCountry "ESP"]
[EventCategory "3"]
[SourceTitle "EXT 1997"]
[Source "ChessBase"]
[SourceDate "1996.11.15"]
[SourceVersion "1"]
[SourceVersionDate "1996.11.15"]
[SourceQuality "1"]

1. c4 Nf6 2. Nf3 g6 3. g3 Bg7 4. Bg2 0-0 5. 0-0 c5 6. d4 d6 7. b3 Ne4 8. Bb2 Nc6 9. e3 Qc7 10. Qe2 Bg4 11. Rd1 Ng5 12. h4 Ne4 13. Nc3 f5 14. Nd5 Qb8 15. dxc5 e5 16. cxd6 Nxd6 17. Qc2 h6 18. Re1 Rf7 19. c5 Ne8 20. Nh2 Bh5 21. e4 Qc8 22. Bh3 Bg4 23. Nxg4 fxg4 24. Bf1 Kh7 25. Rad1 Nc7 26. Bc4 Ne6 27. Ne3 Rf3 28. Bxe6 Qxe6 29. Qc4 Qc8 30. b4 Nd4 31. Nf1 b5 32. Qc1 Qf8 33. Bxd4 exd4 34. Qd2 h5 35. e5 Rd8 36. e6 Qe7 37. Nh2 Rc3 38. Re4 Bf6 39. Nf1 Kg7 40. Qe1 Ra3 41. Nd2 d3 42. Nb3 Rxa2 43. Re3 d2 44. Rxd2 Rdxd2 45. Nxd2 g5 46. Rd3 Qe8 47. Rd7+ Kg8 48. Qe4 1-0

[Event "Las Palmas-D"]
[Site "Las Palmas"]
[Date "1994.??.??"]
[Round "?"]
[White "Danailov, Silvio"]
[Black "Sanchez, Raul"]
[Result "1-0"]
[WhiteElo "2440"]
[BlackElo "2315"]
[PlyCount "63"]
[EventDate "1994.??.??"]
[EventType "tourn"]
[EventRounds "9"]
[EventCountry "ESP"]
[EventCategory "3"]
[SourceTitle "EXT 1997"]
[Source "ChessBase"]
[SourceDate "1996.11.15"]
[SourceVersion "1"]
[SourceVersionDate "1996.11.15"]
[SourceQuality "1"]

1. Nf3 Nf6 2. c4 g6 3. g3 d5 4. cxd5 Nxd5 5. Bg2 Bg7 6. d4 0-0 7. 0-0 c5 8. dxc5 Na6 9. Ng5 Ndb4 10. Nc3 Qxd1 11. Rxd1 Nc2 12. Rb1 Nxc5 13. b4 Bxc3 14. bxc5 Nd4 15. Ne4 Nxe2+ 16. Kf1 f5 17. Kxe2 fxe4 18. Bxe4 Bf5 19. Bxf5 Rxf5 20. Rxb7 Rxc5 21. Rxe7 Bf6 22. Red7 Re8+ 23. Be3 Ra5 24. R1d2 Bg5 25. f4 Be7 26. Kf2 g5 27. fxg5 Bb4 28. Rc2 Be1+ 29. Kxe1 Rxe3+ 30. Kf2 Re8 31. h4 Ra3 32. Kg2 1-0